000
00249nam a2200109Ia 4500
008
190216s9999||||xx |||||||||||||| ||und||
100
_a
Govindan Kutty N
245
0
_a
English Poetry
260
_b
Ajith Book Center
650
_a
English
942
_c
BK
999
_c
12932
_d
12932